| 000 | 00580nam a22001817a 4500 | ||
|---|---|---|---|
| 005 | 20251108175818.0 | ||
| 008 | 250721s2020 xx 000 0 ara d | ||
| 082 | 1 | 4 | _a306.85/عبو |
| 100 | 1 | _aعبوي، زيد منير | |
| 245 | 1 | 0 | _aالسيكولوجيا الحديثة في علم الاجتماع الاسري و العائلي / |
| 264 | 1 |
_aعمان : _bدار المعتز للنشر، _c2020. |
|
| 300 | _a233ص. | ||
| 650 | 1 | 7 | _aعلم الاجتماع |
| 650 | 1 | 7 | _aالاسرة |
| 650 | 1 | 7 | _aالحقوق الاسرية |
| 942 |
_2ddc _cBK |
||
| 999 |
_c143025 _d143025 |
||